Erzurum yazıları (Record no. 1613)

MARC details
000 -BAŞLIK
Sabit Uzunlukta Kontrol Alanı 00700na a2200241 4500
001 - KONTROL NUMARASI
Denetim Alanı 16587
003 - KONTROL NUMARASI IDENTIFIER
Denetim Alanı MIRAKIL
005 - SON İŞLEM TARİHİ VE ZAMANI
Denetim Alanı 20181213154829.0
008 - SABİT-BOY VERİ ELEMANLARI - GENEL BİLGİLER
Sabit Uzunlukta Kontrol Alanı 161008b tu 000 0
020 ## - ULUSLARARASI STANDART KİTAP NUMARASI
Uluslararası Standart Kitap Numarası 9759553023
035 ## - SİSTEM KONTROL NUMARASI
Sistem Kontrol Numarası 16587
040 ## - KATALOGLAMA KAYNAK
Orijinal Kataloglama Ajansı Milas
Kataloglama Dili tur
Metne Dönüştürmek Ajansı TR-AnCHP
041 ## - DİL KODU
Metin / Ses Parça Veya Ayrı Başlığın Dil Kodu tur
082 ## - DEWEY ONLU SINIFLANDIRMA NUMARASI
Sınıflandırma Numarası 956.631
Ürün Numarası A47e 2006
090 ## - SINIFLAMA NUMARASI
Sınıflama Numarası 956.631 A47e 2006
100 ## - ANA GİRİŞ - KİŞİSEL İSİM
Kişisel Ad Aksu, Vahdet Nafiz
245 ## - BAŞLIK TABLOSU
Başlık Erzurum yazıları
Başlığın Kalan Ekonomik, Sosyal, Toplumsal Sorunlar; Çareler
Sorumluluk Tablosu, Vb Vahdet Nafiz Aksu
260 ## - YAYIN, DAĞITIM, VB
Yayın, Dağıtım, Vb Yeri Ankara
Yayıncı, Dağıtıcı, Vs Adı Dadaşa Merhaba Yayınları
Yayın, Dağıtım, Vb Tarihi 2006
300 ## - FİZİKSEL TANIM
Kapsam xii, 161 s.
Diğer Fiziksel Ayrıntıları ftg., tbl.
Boyutlar 20 sm.
500 ## - GENEL NOT
Genel Not Yapıt yazarından imzalıdır.
651 ## - KONU KATMA GİRİŞ - COĞRAFİ ADI
Coğrafi İsim Erzurum
Genel Alt Bölümü Derlemeler
942 ## - EKLENDİ GİRİŞ ELEMANLARI (KOHA)
Sınıflandırma Veya Raf Düzeni Kaynak Dewey Decimal Classification
Koha Öğesi Türü Books
999 ## - SİSTEM KONTROL NUMARALARI (KOHA)
Koha Biblionumber 1613
Koha Biblioitemnumber 1613
Holdings
Kalıcı Konum Mevcut Konum Edinme Tarihi Edinim Kaynak Toplam Check-Out'Lar Tam Çağrı Numarası Barkod Tarih Son Görülme İtibaren Geçerli Fiyatlar Koha Öğesi Türü
CHP Kütüphanesi CHP Kütüphanesi 10/08/2016 Bağış   956.631 A47e 2006 006629 10/08/2016 10/08/2016 Books